000 01242nam a2200265Ia 4500
003 OSt
005 20220930095022.0
006 a|||||r|||| 00| 0
007 ta
008 220926b |||||||| |||| 00| 0 san d
024 _a66326
037 _cTheses
040 _aCRL
_cCRL
_bsan
041 _2san
_asan
100 _aअनीता रानी, ले.
110 _aदिल्ली विश्वविद्यालय. कला संकाय. संस्कृत विभाग
245 0 _aनारी उत्पीड़न
_b धर्मशास्त्र एवं आधुनिक भारतीय विधिशास्त्र के परिप्रेक्ष्य में, अनीता रानी
246 _aNārī utpīड़na: dharmashāstra evan ādhunik bhāratīya vidhishāstra ke pariprekṣhya mean, anītā rānī
260 _c2018
300 _a196पृ0
_ap.
_ccm.
650 _aसंस्कृत साहित्य
700 _aदिल्ली विश्वविद्यालय. कला संकाय. संस्कृत विभाग
942 _cDIS
_2CC
999 _c888172
_d888172